| 000 | 00379nam a22001697a 4500 | ||
|---|---|---|---|
| 003 | OSt | ||
| 005 | 20250228094347.0 | ||
| 007 | 831 pages | ||
| 008 | 250228b |||||||| |||| 00| 0 eng d | ||
| 020 | _a9789357059565 | ||
| 040 | _c | ||
| 082 |
_29 _a005.133 _bPAU |
||
| 245 |
_aC How to program _cPaul Dietel |
||
| 250 | _a9 | ||
| 260 |
_bPearson _c2024 |
||
| 942 |
_2ddc _cBK _e9 _n0 |
||
| 999 |
_c36152 _d36152 |
||